Pays ayant eu un top 1 osu! global - Statistiques

Statistiques générales
  • Ce quiz a été pris 149 fois
  • Le résultat moyen est 6 sur 12
Statistiques - réponses
Nombre de joueurs Réponse % Correct
8 Etats-unis
92%
4 Japon
84%
3 Australie
80%
2 Allemagne
77%
7 Corée du sud
77%
3 Pologne
54%
2 Chine
52%
2 Angleterre
32%
3 Taiwan
22%
1 Chili
10%
1 Finlande
10%
1 Uruguay
5%
Aucun quiz correspondant
Distribution des résultats
% des personnes avec chaque résultat
Percentile par nombre de réponses
Votre historique - résultats
Vous n’avez pas pris ce quiz